Behavioral Accounting. (Record no. 1553)

MARC details
005 - DATE AND TIME OF LATEST TRANSACTION
control field 20250417121023.0
020 ## - INTERNATIONAL STANDARD BOOK NUMBER
International Standard Book Number 0-538-01650-7
082 ## - DEWEY DECIMAL CLASSIFICATION NUMBER
Classification number 657.48 SIE
100 ## - MAIN ENTRY--PERSONAL NAME
Author name SIEGEL, G.
245 ## - TITLE STATEMENT
Title Behavioral Accounting.
260 ## - PUBLICATION, DISTRIBUTION, ETC.
Place of publication, distribution, etc. West Chicago,
Name of publisher, distributor, etc. South-Western,
Date of publication, distribution, etc. 1989.
300 ## - PHYSICAL DESCRIPTION
Extent Vii, 519p.: ill.; figure& table
Dimensions 24cm.
700 ## - ADDED ENTRY--PERSONAL NAME
Other authors/Editors MARCON, H. R.
942 ## - ADDED ENTRY ELEMENTS (KOHA)
Source of classification or shelving scheme Dewey Decimal Classification
Koha item type Books
Holdings
Date last seen Total checkouts Full call number Barcode Cost, replacement price Price effective from Koha item type Lost status Source of classification or shelving scheme Damaged status Not for loan Withdrawn status Home library Current library Shelving location Date acquired Cost, normal purchase price
04/17/2025   657.48 SIE 0000006022 30000.00 04/17/2025 Books   Dewey Decimal Classification       College of Business Education Main Library College of Business Education Main Library General Collection 04/17/2025 10000.00
04/17/2025   657.48 SIE 0000006023 30000.00 04/17/2025 Books   Dewey Decimal Classification       College of Business Education Main Library College of Business Education Main Library General Collection 04/17/2025 10000.00